| 000 | 00903nam a2200229Ia 4500 | ||
|---|---|---|---|
| 003 | IN-BaIIA | ||
| 008 | 211028s9999 xx 000 0 eng d | ||
| 020 | _a3-540-63822-9 | ||
| 040 | _cIIA Library | ||
| 080 |
_a524.6-33 _bESO |
||
| 111 |
_aEuropean Southern Observatory Workshop _cGermany _d1996 Nov. 18-20 _922714 |
||
| 245 | 0 |
_aGalaxy scaling relations-origins, evolution and applications _bproceedings of the ESO workshop held in Garching, Germany, 18-20 November 1996 _cedited by Luiz Nicolaci da Costa and Alvio Renzini |
|
| 260 |
_aBerlin _bSpringer-Verlag _c1997 |
||
| 300 | _axx, 404p. | ||
| 490 | _aESO astrophysics symposia | ||
| 650 |
_aGalaxy _93368 |
||
| 650 |
_aGalaxy formation _910073 |
||
| 700 |
_aCosta, Luiz Nicolaci da, ed. _922715 |
||
| 700 |
_aRenzini, Alvio, ed. _911645 |
||
| 710 |
_aEuropean Southern Observatory _910914 |
||
| 942 | _cBK | ||
| 999 |
_c12942 _d12942 |
||